Rights of light: tips for developers (Record no. 74427)
[ view plain ]
| 000 -LEADER | |
|---|---|
| fixed length control field | 01066cab a2200205 4500 |
| 001 - CONTROL NUMBER | |
| control field | ABS67885 |
| 008 - FIXED-LENGTH DATA ELEMENTS--GENERAL INFORMATION | |
| fixed length control field | 040618n2004 000 0 eng u |
| 035 ## - SYSTEM CONTROL NUMBER | |
| System control number | (Sirsi) u126511 |
| 100 ## - MAIN ENTRY--PERSONAL NAME | |
| Personal name | DeLaney, C. |
| 245 ## - TITLE STATEMENT | |
| Title | Rights of light: tips for developers |
| 260 ## - PUBLICATION, DISTRIBUTION, ETC. | |
| Date of publication, distribution, etc. | 2004 |
| 490 ## - SERIES STATEMENT | |
| Series statement | Construction Law Bulletin |
| Volume/sequential designation | May 2004, 24-26(3) |
| 520 ## - SUMMARY, ETC. | |
| Summary, etc. | Outlines the law relating to rights to light. It provides suggestions for developers to avoid claims and disputes. Describes; what the rights entail; when they are infringed; whether a development can be stopped; and what damages can be assessed. Advises developers to be aware of peoples' rights from the outset and to get specialist advise from a surveyor. Suggests minimising the risk of a claim, but if agreement cannot be reached, monetary compensation may be acceptable. Gives guidance on the light obstruction notice procedure. |
| 590 ## - LOCAL NOTE (RLIN) | |
| Local note | ABS |
| 650 ## - SUBJECT ADDED ENTRY--TOPICAL TERM | |
| Topical term or geographic name entry element | Rights of light |
| 9 (RLIN) | 6267 |
| 650 ## - SUBJECT ADDED ENTRY--TOPICAL TERM | |
| Topical term or geographic name entry element | LIGHT OBSTRUCTION NOTICE |
| 650 ## - SUBJECT ADDED ENTRY--TOPICAL TERM | |
| Topical term or geographic name entry element | RIGHTS TO LIGHT |
| 690 ## - LOCAL SUBJECT ADDED ENTRY--TOPICAL TERM (OCLC, RLIN) | |
| Topical term or geographic name as entry element | Boundary disputes |
| 9 (RLIN) | 6221 |
| 942 ## - ADDED ENTRY ELEMENTS (KOHA) | |
| Suppress in OPAC | 0 |
| Withdrawn status | Lost status | Source of classification or shelving scheme | Damaged status | Not for loan | Home library | Current library | Shelving location | Date acquired | Total Checkouts | Full call number | Barcode | Date last seen | Copy number | Price effective from | Koha item type |
|---|---|---|---|---|---|---|---|---|---|---|---|---|---|---|---|
| Dewey Decimal Classification | London | London | Journal article | 18/06/2004 | ABS67885 | 126511-1001 | 06/08/2019 | 1 | 06/08/2019 | Journal article |